В поисках высоких скоростей. Что значит ВСМ для России? (Запись № 13671479)

Подробности
000 -МАРКЕР
контрольное поле 02400nam0a2200445 4500
001 - ИДЕНТИФИКАТОР ЗАПИСИ
контрольное поле RU\NLR\BIBL_A\022514752
005 - ИДЕНТИФИКАТОР ВЕРСИИ
контрольное поле 20260420042711.0
010 ## - МЕЖДУНАРОДНЫЙ СТАНДАРТНЫЙ НОМЕР КНИГИ (ISBN)
Номер (ISBN) 978-5-6053313-9-1
Тираж 300
021 ## - НОМЕР ГОСУДАРСТВЕННОЙ РЕГИСТРАЦИИ
Код страны Российская Федерация
Номер КН-П-25-008582
Номер Листа государственной регистраци КН-П-25-0850
035 ## - ДРУГИЕ СИСТЕМНЫЕ НОМЕРА
Идентификатор записи (NLR Aleph) 022514752
100 ## - ДАННЫЕ ОБЩЕЙ ОБРАБОТКИ
Данные общей обработки 20250407d2024 u y0rusy50 ca
101 0# - ЯЗЫК РЕСУРСА
Язык текста, звукозаписи и т.д. русский
102 ## - СТРАНА ПУБЛИКАЦИИ ИЛИ ПРОИЗВОДСТВА
Страна публикации Российская Федерация
105 ## - ПОЛЕ КОДИРОВАННЫХ ДАННЫХ: ТЕКСТОВЫЕ МАТЕРИАЛЫ, МОНОГРАФИЧЕСКИЕ
Кодированные данные о монографическом текстовом документе ac||z|||100yy
181 #0 - ПОЛЕ КОДИРОВАННЫХ ДАННЫХ: ВИД СОДЕРЖАНИЯ
Код вида содержания (ISBD) i3
Код характеристики содержания (ISBD) axxe
182 #0 - ПОЛЕ КОДИРОВАННЫХ ДАННЫХ: ТИП СРЕДСТВА
Код типа средства (ISBD) n - непосредственное
200 1# - ЗАГЛАВИЕ И СВЕДЕНИЯ ОБ ОТВЕТСТВЕННОСТИ
Основное заглавие В поисках высоких скоростей. Что значит ВСМ для России?
Сведения, относящиеся к заглавию [доклад
-- специально для Транспортной недели 2024]
Первые сведения об ответственности В. В. Косой, П. А. Лавриненко, Н. А. Макуцкий [и др.]
Последующие сведения об ответственности [ЦЭИ]
203 ## - ВИД СОДЕРЖАНИЯ И ТИП СРЕДСТВА
Вид содержания Текст
Дополнительные сведения об издании визуальный
Тип средства непосредственный
210 ## - ПУБЛИКАЦИЯ, РАСПРОСТРАНЕНИЕ И ДР.
Место издания, распространения и т.д. Москва
Имя издателя, распространителя и т. д. Арт Продакшн
Дата издания, распространения и т.д. 2024
215 ## - ФИЗИЧЕСКАЯ ХАРАКТЕРИСТИКА
Специфическое обозначение материала и объем 77 с.
Другие сведения о физической характеристике ил., цв. ил., портр.
Размеры 29
300 ## - ОБЩИЕ ПРИМЕЧАНИЯ
Текст примечания На обл.: Транспортная неделя 2024
300 ## - ОБЩИЕ ПРИМЕЧАНИЯ
Текст примечания Авт. указаны на обороте тит. с.
300 ## - ОБЩИЕ ПРИМЕЧАНИЯ
Текст примечания На 7-й с. 1-й и 2-й авт.: Косой В. В., Лавриненко П. А., кандидаты экон. наук
300 ## - ОБЩИЕ ПРИМЕЧАНИЯ
Текст примечания Доп. информ. в ссылках QR-кода кн.
320 ## - ПРИМЕЧАНИЯ О НАЛИЧИИ В ДОКУМЕНТЕ БИБЛИОГРАФИИ / УКАЗАТЕЛЯ
Текст примечания Библиогр.: с. 75 (27 назв.)
606 1# - НАИМЕНОВАНИЕ ТЕМЫ КАК ПРЕДМЕТ
Наименование темы Железнодорожные пассажирские перевозки
Тематический подзаголовок Организация
Географический подзаголовок Российская Федерация
Системный номер авторитетной/нормативной записи 2678408
Идентификатор авторитетной/нормативной записи RU\NLR\AUTH\6601760479
606 1# - НАИМЕНОВАНИЕ ТЕМЫ КАК ПРЕДМЕТ
Наименование темы Железнодорожные магистрали высокоскоростные
Географический подзаголовок Российская Федерация
Системный номер авторитетной/нормативной записи 2230933
Идентификатор авторитетной/нормативной записи RU\NLR\AUTH\6601571521
686 1# - ИНДЕКСЫ ДРУГИХ КЛАССИФИКАЦИЙ
Индекс У37(2)2-814(2Р)
686 1# - ИНДЕКСЫ ДРУГИХ КЛАССИФИКАЦИЙ
Индекс О29
701 #1 - ИМЯ ЛИЦА - АЛЬТЕРНАТИВНАЯ ОТВЕТСТВЕННОСТЬ
Начальный элемент ввода Косой
Часть имени, кроме начального элемента ввода В. В.
Расширение инициалов личного имени Владимир Вульфович
701 #1 - ИМЯ ЛИЦА - АЛЬТЕРНАТИВНАЯ ОТВЕТСТВЕННОСТЬ
Начальный элемент ввода Лавриненко
Часть имени, кроме начального элемента ввода П. А.
Расширение инициалов личного имени Петр Александрович
701 #1 - ИМЯ ЛИЦА - АЛЬТЕРНАТИВНАЯ ОТВЕТСТВЕННОСТЬ
Начальный элемент ввода Макуцкий
Часть имени, кроме начального элемента ввода Н. А.
Расширение инициалов личного имени Никита Александрович
711 12 - НАИМЕНОВАНИЕ ОРГАНИЗАЦИИ - АЛЬТЕРНАТИВНАЯ ОТВЕТСТВЕННОСТЬ
Начальный элемент ввода Транспортная неделя
Место проведения временной организации Москва
Дата проведения временной организации 2024
Системный номер авторитетной/нормативной записи 2658655
Идентификатор авторитетной/нормативной записи RU\NLR\AUTH\880626287
712 02 - НАИМЕНОВАНИЕ ОРГАНИЗАЦИИ - ВТОРИЧНАЯ ОТВЕТСТВЕННОСТЬ
Код отношения Прочие
Начальный элемент ввода Центр экономики инфраструктуры
Идентифицирующий признак Москва
Системный номер авторитетной/нормативной записи 690711
Идентификатор авторитетной/нормативной записи RU\NLR\AUTH\880515028
942 ## - ДОПОЛНИТЕЛЬНЫЕ ЭЛЕМЕНТЫ ЗАПИСИ (АБИС)
Тип экземпляра АБИС Книга
980 ## - КОЛЛЕКЦИЯ
Название коллекции Национальная библиография

Нет доступных экземпляров.